000 00690nam a2200289Ia 4500
005 20260324113839.0
008 008 260324s9999 xx 000 0 eng d
020 _a9781003304180
037 _aEBOOK
040 _aCRL
040 _beng
040 _cCRL
041 _2eng
041 _aeng
084 _qCRL
100 _aAsis Kumar Tripathy; Pradeep Kumar Roy
_91148415
245 0 _aCybercrime in Social Media
245 0 _bTheory and Solutions
260 _bTaylor and Francis
260 _c2023
365 _a
365 _b210
856 _uhttp://www.taylorfrancis.com/books/9781003304180
942 _cEBOOK
999 _c1738274
_d1738274